| Tag |
First Indicator |
Second Indicator |
Subfields |
| LEADER |
00000cam a2200000Mi 4500 |
| 001 |
in00005489021 |
| 006 |
m o u |
| 007 |
cr |n|---uuuuu |
| 008 |
200312s2020 enk o ||| 0 eng d |
| 005 |
20240917182419.4 |
| 035 |
|
|
|a (OCoLC)on1244007653
|
| 040 |
|
|
|a UKAMD
|b eng
|c UKAMD
|d OCLCO
|
| 035 |
|
|
|a (OCoLC)1244007653
|
| 049 |
|
|
|a TXAM
|
| 100 |
1 |
|
|a Benson, Stella,
|e author.
|
| 245 |
1 |
4 |
|a The Diary of Stella Benson, July 1931 to April 1932
|g 1931/07-1932/04.
|
| 264 |
|
1 |
|a Marlborough, Wiltshire :
|b Adam Matthew Digital,
|c 2020.
|
| 300 |
|
|
|a 1 online resource.
|
| 336 |
|
|
|a text
|b txt
|2 rdacontent
|
| 337 |
|
|
|a computer
|b c
|2 rdamedia
|
| 338 |
|
|
|a online resource
|b cr
|2 rdacarrier
|
| 490 |
1 |
|
|a AM Scholar: Women's Studies.
|
| 500 |
|
|
|a AMDigital Reference: Add 6800.
|
| 534 |
|
|
|p Reproduction of:
|t The Diary of Stella Benson, July 1931 to April 1932
|c Jul 1931 - Apr 1932.
|
| 535 |
1 |
|
|a Cambridge University Library
|
| 542 |
|
|
|f Material sourced from Cambridge University Library
|
| 588 |
0 |
|
|a Description based on online resource (viewed on March 12, 2020).
|
| 655 |
|
7 |
|a Electronic books.
|2 local
|
| 710 |
2 |
|
|a Adam Matthew Digital (Firm),
|e digitiser.
|
| 830 |
|
0 |
|a AM Scholar: Women's Studies.
|
| 856 |
4 |
0 |
|u http://proxy.library.tamu.edu/login?url=https://www.amscholar.amdigital.co.uk/Documents/Details/WomenWritingAndTravel_Part1_Reel9_Vol2
|z Connect to the full text of this electronic book
|t 0
|
| 955 |
|
|
|a Adam Matthew Scholar Women's Studies
|
| 994 |
|
|
|a 92
|b TXA
|
| 999 |
f |
f |
|s 6394a189-2cb2-47d7-aa3f-01a8874172fd
|i 817f4080-269c-4ec0-aa90-cbf7ae5aea39
|t 0
|
| 952 |
f |
f |
|a Texas A&M University
|b College Station
|c Electronic Resources
|d Available Online
|t 0
|h Library of Congress classification
|
| 998 |
f |
f |
|t 0
|l Available Online
|